Destruction of LED heterostructures under high-current electron beam irradiation; IOP Conference Series: Materials Science and Engineering; Vol. 511 : Perspective Materials of Constructional and Medical Purpose
| Parent link: | IOP Conference Series: Materials Science and Engineering Vol. 511 : Perspective Materials of Constructional and Medical Purpose.— 2019.— [012004, 5 p.] |
|---|---|
| Main Author: | |
| Corporate Author: | |
| Other Authors: | , |
| Summary: | Title screen This paper presents the experimental results of the fracture morphology of InGaN/GaN heterostructures and epitaxial GaN layers deposited on sapphire substrates after irradiation with high current electron beams. A special type of damage - microspheres, ~1-5 [mu]m was discovered and studied. The results show that the microspheres act as diffractive optical elements redistributing the stimulated emission of InGaN/GaN in space. |
| Language: | English |
| Published: |
2019
|
| Subjects: | |
| Online Access: | http://dx.doi.org/10.1088/1757-899X/511/1/012004 http://earchive.tpu.ru/handle/11683/55437 |
| Format: | MixedMaterials Electronic Book Chapter |
| KOHA link: | https://koha.lib.tpu.ru/cgi-bin/koha/opac-detail.pl?biblionumber=660530 |
MARC
| LEADER | 00000nla2a2200000 4500 | ||
|---|---|---|---|
| 001 | 660530 | ||
| 005 | 20231101135130.0 | ||
| 035 | |a (RuTPU)RU\TPU\network\30013 | ||
| 035 | |a RU\TPU\network\30012 | ||
| 090 | |a 660530 | ||
| 100 | |a 20190724d2019 k y0engy50 ba | ||
| 101 | 0 | |a eng | |
| 102 | |a GB | ||
| 105 | |a y z 100zy | ||
| 135 | |a vrcn ---uucaa | ||
| 181 | 0 | |a i | |
| 182 | 0 | |a b | |
| 200 | 1 | |a Destruction of LED heterostructures under high-current electron beam irradiation |f Zixuan Li, Jiyao Xian, S. G. Sysoyeva | |
| 203 | |a Text |c electronic | ||
| 300 | |a Title screen | ||
| 320 | |a [References: 5 tit.] | ||
| 330 | |a This paper presents the experimental results of the fracture morphology of InGaN/GaN heterostructures and epitaxial GaN layers deposited on sapphire substrates after irradiation with high current electron beams. A special type of damage - microspheres, ~1-5 [mu]m was discovered and studied. The results show that the microspheres act as diffractive optical elements redistributing the stimulated emission of InGaN/GaN in space. | ||
| 461 | 1 | |0 (RuTPU)RU\TPU\network\2008 |t IOP Conference Series: Materials Science and Engineering | |
| 463 | 1 | |0 (RuTPU)RU\TPU\network\29838 |t Vol. 511 : Perspective Materials of Constructional and Medical Purpose |o International Scientific and Technical Youth Conference, 26–30 November 2018, Tomsk, Russian Federation |o [proceedings] |v [012004, 5 p.] |d 2019 | |
| 610 | 1 | |a электронный ресурс | |
| 610 | 1 | |a труды учёных ТПУ | |
| 610 | 1 | |a светодиодные гетероструктуры | |
| 610 | 1 | |a облучение | |
| 610 | 1 | |a электронные пучки | |
| 610 | 1 | |a эпитаксильные слои | |
| 610 | 1 | |a сапфировые подложки | |
| 700 | 0 | |a Zixuan Li | |
| 701 | 0 | |a Jiyao Xian | |
| 701 | 1 | |a Sysoyeva |b S. G. | |
| 712 | 0 | 2 | |a National Research Tomsk Polytechnic University (TPU) |2 stltpush |3 (RuTPU)RU\TPU\col\18773 |
| 801 | 1 | |a RU |b 63413507 |c 20150101 |g RCR | |
| 801 | 2 | |a RU |b 63413507 |c 20190807 |g RCR | |
| 856 | 4 | |u http://dx.doi.org/10.1088/1757-899X/511/1/012004 | |
| 856 | 4 | |u http://earchive.tpu.ru/handle/11683/55437 | |
| 942 | |c CF | ||